000 00348nam a22001457a 4500
008 210303b ||||| |||| 00| 0 eng d
020 _a9780558564124
041 _aeng
080 _a621
082 _a621
100 _a26
101 _aMEK
245 _aEngineering Design & Grapics with Autodesk Inventor 2010
_cBethune, J.D
942 _2udc
_cBK
999 _c55562
_d55562